Ballads from the pubs of Ireland, (Record no. 118278)
[ view plain ]
| 000 -LEADER | |
|---|---|
| fixed length control field | 00919cam a22002771 4500 |
| 001 - CONTROL NUMBER | |
| control field | 2194929 |
| 003 - CONTROL NUMBER IDENTIFIER | |
| control field | ARRUPE |
| 005 - DATE AND TIME OF LATEST TRANSACTION | |
| control field | 20131008105751.0 |
| 008 - FIXED-LENGTH DATA ELEMENTS--GENERAL INFORMATION | |
| fixed length control field | 700302t19681965ie a 000 0 eng |
| 010 ## - LIBRARY OF CONGRESS CONTROL NUMBER | |
| LC control number | 73000481 |
| 040 ## - CATALOGING SOURCE | |
| Original cataloging agency | DLC |
| Transcribing agency | DLC |
| Modifying agency | DLC |
| 043 ## - GEOGRAPHIC AREA CODE | |
| Geographic area code | e-ie--- |
| 050 00 - LIBRARY OF CONGRESS CALL NUMBER | |
| Classification number | M1744 |
| Item number | .B19 1971 |
| 300 ## - PHYSICAL DESCRIPTION | |
| Other physical details | illus. |
| Dimensions | 18 cm. |
| 100 1# - MAIN ENTRY--PERSONAL NAME | |
| Personal name | Healy, James N., |
| Relator term | comp. |
| 9 (RLIN) | 2240 |
| 245 10 - TITLE STATEMENT | |
| Title | Ballads from the pubs of Ireland, |
| Remainder of title | with music and commentary. |
| Statement of responsibility, etc | Illus. by the author. |
| 250 ## - EDITION STATEMENT | |
| Edition statement | [3d ed.] |
| 260 ## - PUBLICATION, DISTRIBUTION, ETC. (IMPRINT) | |
| Place of publication, distribution, etc | Cork, |
| Name of publisher, distributor, etc | Mercier Press |
| Date of publication, distribution, etc | 1971 |
| 300 ## - PHYSICAL DESCRIPTION | |
| Extent | 142 p. |
| 500 ## - GENERAL NOTE | |
| General note | Imprint covered by label: Hatbro, Pa., Folklore Associates. |
| 500 ## - GENERAL NOTE | |
| General note | In part unacc. melodies, in part without the music. |
| 650 #0 - SUBJECT ADDED ENTRY--TOPICAL TERM | |
| Topical term or geographic name as entry element | Ballads, English |
| Geographic subdivision | Ireland. |
| 9 (RLIN) | 2241 |
| 650 #0 - SUBJECT ADDED ENTRY--TOPICAL TERM | |
| Topical term or geographic name as entry element | Drinking songs |
| Geographic subdivision | Ireland. |
| 9 (RLIN) | 2242 |
| 650 #0 - SUBJECT ADDED ENTRY--TOPICAL TERM | |
| Topical term or geographic name as entry element | Folk music |
| Geographic subdivision | Ireland. |
| 9 (RLIN) | 2243 |
| 906 ## - LOCAL DATA ELEMENT F, LDF (RLIN) | |
| a | 7 |
| b | cbc |
| c | orignew |
| d | u |
| e | ncip |
| f | 19 |
| g | y-gencatlg |
| 942 ## - ADDED ENTRY ELEMENTS (KOHA) | |
| Source of classification or shelving scheme | Library of Congress Classification |
| Koha item type | Monograph ( Printed materials) |
| Withdrawn status | Lost status | Source of classification or shelving scheme | Damaged status | Not for loan | Collection code | Home library | Current library | Shelving location | Date acquired | Total Checkouts | Full call number | Barcode | Date last seen | Price effective from | Koha item type |
|---|---|---|---|---|---|---|---|---|---|---|---|---|---|---|---|
| Library of Congress Classification | Main Collection | ARRUPE LIBRARY | ARRUPE LIBRARY | Main Collection | 08/10/2013 | M1744 .B19 1971 | 46410755 | 03/07/2018 | 08/10/2013 | Monograph ( Printed materials) |